Using stochastic simulation to test the effect of seasonal adjustment on forecast standard errors of motor gasoline demands.

Pre prípad prognózy dopytu po benzíne stanovia sa štandardné odchýlky predpovede za použitia stochastickej simulácie s možnosťou zväčšenia štandardných odchýliek, ak je podozrenie na nesprávnu špecifikáciu modelu. Výsledky sú porovnané za použitia rôznych filtračných metód sezónnej úpravy s ekonomet...

Descrizione completa

Salvato in:
Dettagli Bibliografici
Autore principale: Joutz, F.
Altri autori: Trost, R.
Natura: Capitolo di libro
Lingua:inglese
Soggetti:
Tags: Aggiungi Tag
Nessun Tag, puoi essere il primo ad aggiungerne!!

MARC

LEADER 00000naa a2200000 4500
001 r011022
005 20221130113018.5
041 0 |a eng 
044 |a NL 
245 1 0 |a Using stochastic simulation to test the effect of seasonal adjustment on forecast standard errors of motor gasoline demands.  |c F. Joutz, R. Trost 
520 |a Pre prípad prognózy dopytu po benzíne stanovia sa štandardné odchýlky predpovede za použitia stochastickej simulácie s možnosťou zväčšenia štandardných odchýliek, ak je podozrenie na nesprávnu špecifikáciu modelu. Výsledky sú porovnané za použitia rôznych filtračných metód sezónnej úpravy s ekonometrickými modelmi a modelmi časových radov. 
610 2 0 |a prognózy 
610 2 0 |a dopyt 
610 2 0 |a modely ekonometrické 
610 2 0 |a rady časové 
610 2 0 |a simulácia stochastická 
610 2 0 |a metódy ekonomicko-matematické 
610 2 0 |a hmoty pohonné 
100 1 |a Joutz, F. 
700 1 |a Trost, R.